000 00504nam a2200205Ia 4500
003 GCL
008 140319s9999 xx 000 0 eng d
040 _aGCL /
_cGCL
082 0 4 _a759
_bH P
100 1 _aHILTON, TIMOTHY
245 1 0 _aPICASSO /
_cHILTON, TIMOTHY
260 _a[S.N] :
_bTHAMES AND HUDSON ،
_c1992
300 _a288
650 0 4 _aARTS
650 0 4 _aHISTORY AND CRITICISM
650 0 4 _aPAINTING
650 0 4 _aPAINTERS
650 0 4 _aPICASSO, PABLO, 1881 - 1973
942 _2ddc
_cBK
999 _c18791
_d18791